Cała klasyfikacja generalna pś w skokach narciarskich 2021/2022 - Statystyki

Ogólne statystyki
  • Ten quiz został rozwiązany 60 razy
  • Średni wynik to 47 z 76
Statystyki odpowiedzi
pozycja w pś imię i nazwisko skoczka narodowość zawodnika ilość punktów % Poprawnych
27 Dawid Kubacki Polska 231
98%
19 Kamil Stoch Polska 397
98%
10 Cene Prevc Słowenia 657
96%
5 Stefan Kraft Austria 1069
96%
15 Peter Prevc Słowenia 460
94%
14 Piotr Żyła Polska 480
94%
1 Ryoyu Kobayashi Japonia 1621
94%
44 Domen Prevc Słowenia 60
93%
4 Halvor Egner Granerud Norwegia 1227
93%
7 Anze Lanisek Słowenia 936
91%
32 Junshiro Kobayashi Japonia 179
91%
2 Karl Geiger Niemcy 1515
91%
8 Timi Zajc Słowenia 711
89%
26 Gregor Deschwanden Szwajcaria 243
80%
49 Keiichi Sato Japonia 38
80%
24 Johann Andre Forfang Norwegia 303
78%
6 Marku Eisenbichler Niemcy 950
78%
13 Yukiya Sato Japonia 530
78%
21 Daniel Andre Tande Norwegia 339
76%
9 Jan Hoerl Austria 662
76%
16 Killian Peier Szwajcaria 451
76%
3 Marius Lindvik Norwegia 1231
76%
37 Michael Hayboeck Austria 117
74%
43 Paweł Wąsek Polska 61
74%
12 Robert Johansson Norwegia 531
74%
41 Simon Ammann Szwajcaria 64
74%
74 Stefan Hula Polska 4
74%
29 Andreas Wellinger Niemcy 219
72%
60 Andrzej Stękała Polska 19
72%
23 Constantin Schmid Niemcy 332
72%
66 Aleksander Zniszczoł Polska 8
70%
58 Antii Aalto Finlandia 22
70%
17 Manuel Fettner Austria 424
70%
50 Niko Kytosaho Finlandia 35
69%
74 Roman Koudelka Czechy 4
69%
55 Artti Aigro Estonia 30
67%
31 Naoki Nakamura Japonia 196
67%
76 Fatih Arda Ipcioglu Turcja 2
65%
47 Jakub Wolny Polska 46
65%
22 Stephan Leyhe Niemcy 333
65%
50 Władimir Zografski Bułgaria 35
65%
39 Daiki Ito Japonia 88
63%
11 Daniel Huber Austria 556
63%
25 Daniel Tschofenig Austria 251
63%
71 Giovanni Bresadola Włochy 6
63%
34 Jewgienij Klimow Rosja 163
63%
33 Pius Paschke Niemcy 174
63%
30 Severin Freund Niemcy 211
63%
57 Dominik Peter Szwajcaria 23
61%
20 Ziga Jelar Słowenia 389
61%
18 Lovro Kos Słowenia 403
56%
63 Mackenzie Boyd-Clowes Kanada 15
56%
28 Phillip Aschenwald Austria 220
52%
66 Decker Dean USA 8
50%
59 Richard Freitag Niemcy 20
48%
61 Anze Semenic Słowenia 17
46%
35 Clemens Aigner Austria 153
46%
40 Eetu Nousiainen Finlandia 65
43%
65 Bor Pavlovcic Słowenia 9
41%
62 Phillip Raimund Niemcy 16
41%
71 Anders Fannemel Norwegia 6
39%
64 Michaił Nazarow Rosja 10
39%
42 Fredrik Villumstad Norwegia 62
35%
53 Robin Pedersen Norwegia 31
33%
56 Roman Trofimow Rosja 29
33%
46 Bendik Jakobsen Heggli Norwegia 48
31%
38 Danił Sadriejew Rosja 101
30%
45 Thomas Lackner Austria 49
30%
48 Justin Lisso Niemcy 44
28%
66 Maximilian Steiner Austria 8
28%
36 Ulrich Wohlgennant Austria 133
28%
69 Joacim Odegard Bjoereng Norwegia 7
26%
52 Markus Muller Austria 34
22%
53 Markus Schiffner Austria 31
22%
71 Aleksandr Bażenow Rosja 6
17%
69 Markus Rupitsch Austria 7
11%
Nie znaleziono quizów pasujących do podanych kryteriów
Rozkład punktacji
Procent ludzi z każdym wynikiem
Percentyl według liczby udzielonych odpowiedzi
Twoja historia wyników
Nie rozwiązałeś tego quizu